000
00367nam a2200133Ia 4500
008
100328s9999 xx 000 0 und d
082
_b
39986
100
_a
गोविलकर सुमती र.
245
_a
स्वप्ना
260
_b
नवचैतन्य
630
_a
स्वप्ना
730
_a
स्वप्ना
942
_c
BOOK
999
_c
528795
_d
528792